[Event "CZE-ch U14"]
[Site "Frymburk"]
[Date "2002.??.??"]
[Round "8"]
[White "Slovak, Petr"]
[Black "Kucera, Petr3333"]
[Result "1-0"]
[WhiteElo "1863"]
[BlackElo "1557"]
[PlyCount "80"]
[EventDate "2002.03.??"]
[EventType "swiss"]
[EventRounds "8"]
[EventCountry "CZE"]
[SourceTitle "EXT 2004"]
[Source "ChessBase"]
[SourceDate "2003.11.25"]
[SourceVersion "1"]
[SourceVersionDate "2003.11.25"]
[SourceQuality "1"]

1. e4 c6 2. d4 d5 3. exd5 cxd5 4. Bd3 Nc6 5. c3 Nf6 6. Bf4 g6 7. Nf3 Bg7 8. Qe2 0-0 9. Nbd2 Bd7 10. 0-0 Nh5 11. Bg3 Nxg3 12. hxg3 e5 13. dxe5 Nxe5 14. Nxe5 Re8 15. f4 f6 16. Qf3 fxe5 17. Qxd5+ Be6 18. Qxd8 Raxd8 19. Bb5 Re7 20. Nf3 exf4 21. Ng5 Bf5 22. Bc4+ Kh8 23. gxf4 Rf8 24. Rae1 Rxe1 25. Rxe1 Bf6 26. Re2 h6 27. Nf7+ Kg7 28. Nd6 Bg4 29. Re3 Bh4 30. g3 Bd8 31. Kg2 b6 32. Bd5 h5 33. Bf3 Bxf3+ 34. Kxf3 Kf6 35. Nc4 Be7 36. Ne5 Rg8 37. g4 h4 38. g5+ Kg7 39. Nxg6 Kxg6 40. Rxe7 Rh8 1-0

[Event "CZE-ch U14"]
[Site "Frymburk"]
[Date "2002.??.??"]
[Round "5"]
[White "Slovak, Petr"]
[Black "Mudra, Tomas"]
[Result "0-1"]
[WhiteElo "1863"]
[BlackElo "1635"]
[PlyCount "80"]
[EventDate "2002.03.??"]
[EventType "swiss"]
[EventRounds "8"]
[EventCountry "CZE"]
[SourceTitle "EXT 2004"]
[Source "ChessBase"]
[SourceDate "2003.11.25"]
[SourceVersion "1"]
[SourceVersionDate "2003.11.25"]
[SourceQuality "1"]

1. e4 c5 2. Nc3 Nc6 3. Nf3 g6 4. d4 cxd4 5. Nxd4 Bg7 6. Be3 Nf6 7. f3 0-0 8. Qd2 d5 9. Rd1 Nxd4 10. Bxd4 dxe4 11. fxe4 Be6 12. Be2 Qa5 13. 0-0 Rfd8 14. Qe1 Qb4 15. Nd5 Nxd5 16. Bxg7 Qxe1 17. Rfxe1 Kxg7 18. exd5 Rxd5 19. Rxd5 Bxd5 20. Bg4 e6 21. b3 b5 22. Be2 Rc8 23. Rc1 b4 24. Kf2 a5 25. Bd3 e5 26. g3 e4 27. Ba6 Rc3 28. Ke2 f5 29. Kd2 g5 30. Rf1 Kf6 31. a3 e3+ 32. Kc1 bxa3 33. Bd3 Be6 34. Kb1 Ke5 35. Re1 f4 36. gxf4+ gxf4 37. Bxh7 Bf5 38. Bg8 Rxc2 39. Ka1 e2 40. Bc4 f3 0-1

[Event "CZE-ch U14"]
[Site "Czech Republic"]
[Date "2001.??.??"]
[Round "6"]
[White "Kalivoda, Jiri"]
[Black "Slovak, Petr"]
[Result "1-0"]
[WhiteElo "1815"]
[BlackElo "1775"]
[PlyCount "45"]
[EventDate "2001.??.??"]
[EventType "swiss"]
[EventRounds "9"]
[EventCountry "CZE"]
[SourceTitle "EXT 2003"]
[Source "ChessBase"]
[SourceDate "2002.11.25"]
[SourceVersion "1"]
[SourceVersionDate "2002.11.25"]
[SourceQuality "1"]

1. e4 c5 2. c4 Nc6 3. Nc3 g6 4. g3 Bg7 5. Bg2 e6 6. Nge2 Nge7 7. 0-0 0-0 8. d3 f5 9. f4 a6 10. Be3 b6 11. a3 Bb7 12. Rb1 Nd4 13. b4 Nxe2+ 14. Nxe2 Qc7 15. bxc5 bxc5 16. Rxb7 Qxb7 17. Bxc5 d6 18. e5 Qd7 19. Bxd6 Rac8 20. c5 Rfd8 21. Nd4 Nd5 22. Re1 Qa7 23. Nxe6 1-0